Loading...

Optics

Bibliographic Details
Main Author: Hecht,Jeff
Other Authors: Zajac
Format: Printed Book
Published: London Addison 1974
Subjects:
LEADER 00419nam a22001457a 4500
082 |a 535  |b HEC 
100 |a Hecht,Jeff 
245 |a Optics 
260 |a London  |b Addison  |c 1974 
300 |a viii,565 
650 |a Electromagnetic Theory 
700 |a Zajac 
942 |c BK 
999 |c 128665  |d 128661 
952 |0 0  |1 0  |4 0  |6 535_000000000000000_ZAJ  |7 0  |8 NFIC  |9 127135  |a SPAP  |b SPAP  |c GEN  |d 2017-08-18  |l 0  |o 535 ZAJ  |p SPAP302  |r 2017-08-18  |w 2017-08-18  |y BK